Doplnkové dôchodkové poistenie zamestnancov
Úplné znenie zákona č. 123/1996 Z.z. o doplnkovom dôchodkovom poistení zamestnancov a o zmene a doplnení niektorých zákonov v znení zákona č. 409/2000 Z.z.
Uložené v:
| Hlavný autor: | |
|---|---|
| Ďalší autori: | |
| Médium: | Kapitola |
| Jazyk: | Slovak |
| Predmet: | |
| Tagy: |
Žiadne tagy, Buďte prvý, kto otaguje tento záznam!
|
MARC
| LEADER | 00000naa a2200000 4500 | ||
|---|---|---|---|
| 001 | r040697 | ||
| 005 | 20231003081539.9 | ||
| 041 | 0 | |a slo | |
| 044 | |a SK | ||
| 245 | 1 | 0 | |a Doplnkové dôchodkové poistenie zamestnancov |c Renáta Bálintová, Igor Hvojník |
| 520 | |a Úplné znenie zákona č. 123/1996 Z.z. o doplnkovom dôchodkovom poistení zamestnancov a o zmene a doplnení niektorých zákonov v znení zákona č. 409/2000 Z.z. | ||
| 610 | 2 | 0 | |a poistenie dôchodkové doplnkové |
| 610 | 2 | 0 | |a zákony |
| 610 | 2 | 0 | |a novelizácia |
| 610 | 2 | 0 | |a komentáre |
| 610 | 2 | 0 | |a Slovensko |
| 610 | 2 | 0 | |a 2000 |
| 100 | 1 | |a Bálintová, Renáta | |
| 700 | 1 | |a Hvojník, Igor | |